[Event "Ambalangoda Dhamso op 4th"]
[Site "Ambalangoda"]
[Date "2014.05.01"]
[Round "3"]
[White "Galappaththi, Chinthaka Anuruddh"]
[Black "Weerasinghe, Kavindu Nirmana"]
[Result "1-0"]
[WhiteElo "2131"]
[BlackElo "1506"]
[PlyCount "177"]
[EventDate "2014.04.30"]
[EventType "swiss"]
[EventRounds "9"]
[EventCountry "SRI"]
[SourceTitle "CBM 160 Extra"]
[Source "ChessBase"]
[SourceDate "2014.07.01"]
[SourceVersion "1"]
[SourceVersionDate "2014.07.01"]
[SourceQuality "1"]

1. d4 e6 2. Nf3 Nf6 3. e3 d5 4. Bd3 Bd6 5. 0-0 0-0 6. Nbd2 c5 7. b3 Nc6 8. Bb2 Re8 9. Ne5 cxd4 10. exd4 Qc7 11. f4 Nb4 12. Bb5 Bd7 13. Nxd7 Nxd7 14. c3 Nc6 15. g3 Nf6 16. Bd3 Rad8 17. Qf3 Qa5 18. b4 Qb6 19. Kh1 Qc7 20. g4 Ne7 21. g5 Nd7 22. Rf2 Nb6 23. a4 Rf8 24. Qh5 Ng6 25. a5 Nc8 26. Raf1 Nce7 27. Nb1 Nf5 28. Bc1 Nge7 29. Bd2 g6 30. Qg4 Kg7 31. h4 Rh8 32. Rh2 h5 33. Qf3 Rc8 34. Na3 Qd7 35. Bb5 Nc6 36. Nc2 a6 37. Ba4 Bc7 38. Ne1 Rhd8 39. Nd3 Bd6 40. Qf2 Qc7 41. Rb1 Nce7 42. Nc5 Bxc5 43. dxc5 Nc6 44. Kg1 Kg8 45. Rh3 Ra8 46. Bc2 Nce7 47. Ba4 Nc6 48. Rd3 Kh7 49. Rd1 Kg8 50. Be1 Kh7 51. Qe2 Nce7 52. Bf2 Kg8 53. c6 Qc8 54. c7 Rf8 55. Bb6 Nd6 56. Qe1 Nc4 57. Qf2 Nf5 58. Re1 Nfd6 59. Kh2 Kh7 60. Qd4 Nxb6 61. axb6 Nc4 62. Qc5 Nb2 63. Bc2 Nxd3 64. Bxd3 Qd7 65. b5 a5 66. Ra1 Rfc8 67. Ra4 Qe8 68. Kg3 Qf8 69. Qxf8 Rxf8 70. Kf3 Kg7 71. c4 dxc4 72. Bxc4 Rfc8 73. Ke4 Kf8 74. Ke5 Ke7 75. Bd3 Rf8 76. Be4 f6+ 77. gxf6+ Rxf6 78. Bxb7 Rf5+ 79. Ke4 Raf8 80. c8Q Rxf4+ 81. Ke3 Rxa4 82. Qc7+ Kf6 83. Be4 Rf7 84. Qc3+ e5 85. b7 Rf8 86. Qc6+ Ke7 87. Qc5+ Kf7 88. Qxf8+ Kxf8 89. b8Q+ 1-0